| 000 | 01152nam a2200193 a 4500 | ||
|---|---|---|---|
| 008 | 120416s1971 xx |||||||||||||| || u | ||
| 020 | _a0713132412 | ||
| 050 | _aTA 405 Cas | ||
| 100 | _aCase, John | ||
| 245 | 1 | 0 | _aStrength of materials and structures : an introduction to the mechanics of solids and structures |
| 260 |
_a _bEdward Arnold _c1971 |
||
| 300 | _axii, 404p. : ill | ||
| 350 | _a0.00 | ||
| 995 |
_aBINDERY (DAMAGED) _D0.00 _e714132 _FCBU-MAIN LIBRARY (Kitwe) _H3 _I3.25 _jTA 405 Cas _M3 _UDAMAGED _y025121 _ZMain Library Open Access Collection |
||
| 995 |
_aBINDERY (DAMAGED) _D0.00 _e45089 _FCBU-MAIN LIBRARY (Kitwe) _H5 _I3.25 _jTA 405 Cas _M5 _UDAMAGED _y45089 _ZMain Library Open Access Collection |
||
| 995 |
_aBINDERY (DAMAGED) _D0.00 _e725826 _FCBU-MAIN LIBRARY (Kitwe) _H1 _I3.25 _jTA 405 Cas _M2 _UDAMAGED _y020293 _ZMain Library Open Access Collection |
||
| 995 |
_aBINDERY (DAMAGED) _D0.00 _e717021 _FCBU-MAIN LIBRARY (Kitwe) _H2 _I3.25 _jTA 405 Cas _M4 _UDAMAGED _y025522 _ZMain Library Open Access Collection |
||
| 995 |
_aBINDERY (DAMAGED) _D0.00 _e726581 _FCBU-MAIN LIBRARY (Kitwe) _H4 _I3.25 _jTA 405 Cas _M1 _UDAMAGED _y014195 _ZMain Library Open Access Collection |
||
| 999 |
_c76888 _d76888 |
||